000 00718nam a2200241 i 4500
001 bg
245 0 0 _aGeodezja wyższa i astronomia geodezyjna :
_bzadania i przykłady /
_c[aut. Roman Hlibowicki i in.].
260 _aWarszawa ; Wrocław :
_bPaństwowe Wydawnictwo Naukowe,
_c1988.
300 _a281 s. :
_brys., wykr. ;
_c24 cm.
504 _aBibliogr. s. 266-267.
650 4 _aAstronomia geodezyjna
650 4 _aGeodezja
650 4 _aPodręczniki akademickie
700 1 _aHlibowicki, Roman
_d(1911-1999).
020 _a8301091207
040 _cBPK
041 _apol
080 _a528
080 _a(075.8+076)
920 _a83-01-09120-7
942 _cKS
008 s pl f |000 0 pol
999 _c10218
_d10218
856 _uhttp://koha.tu.koszalin.pl/cgi-bin/koha/opac-detail.pl?biblionumber=10218
_yKatalog online BPK